|
|
|
|
| LEADER |
00000cam a2200000 i 4500 |
| 001 |
1/92662 |
| 008 |
080828s1976 gre d |
| 035 |
|
|
|l 10099710
|
| 040 |
|
|
|a GR-MY-UA
|b gre
|e aacr
|
| 041 |
0 |
|
|a gre
|
| 082 |
0 |
|
|a ΑΚΑ 370.495
|2 (22)
|
| 245 |
1 |
2 |
|a Ο νέος νόμος περι γενικής εκπαιδεύσεως /
|c Κώδικας εκπαιδευτικής νομοθεσίας και νομολογίας
|
| 260 |
|
|
|a Αθήναι :
|b [χ.ο.],
|c 1976
|
| 300 |
|
|
|a 64 σ.;
|c 24 εκ.
|
| 504 |
|
|
|a Περιλαμβάνει βιβλιογραφίες
|
| 650 |
0 |
0 |
|a Education
|z Greece
|x Law and legislation.
|
| 852 |
|
|
|a INST
|b RHODES
|c AKA
|e 20080828
|h 370.495 NEO
|p 005400028082
|q 005400028082
|t BK
|y 0
|
| 901 |
|
|
|a BIBL4-2008-2
|
| 909 |
|
|
|a Ρ
|b 153270
|
| 970 |
|
|
|a ΜΙΣΣΟΣ
|b ΣΤΑΥΡΟΣ
|z 2008/08/28
|